More help to adapt homes of disabled people (Record no. 72091)

MARC details
000 -LEADER
fixed length control field 01006cam a2200217 4500
001 - CONTROL NUMBER
control field WB3906-09
008 - FIXED-LENGTH DATA ELEMENTS--GENERAL INFORMATION
fixed length control field 030211n2003 000 0 eng u
035 ## - SYSTEM CONTROL NUMBER
System control number (Sirsi) u121318
245 ## - TITLE STATEMENT
Title More help to adapt homes of disabled people
260 ## - PUBLICATION, DISTRIBUTION, ETC.
Date of publication, distribution, etc. 2003
490 ## - SERIES STATEMENT
Series statement ODPM News Release
Volume/sequential designation (ODPM-19) 10 February 2003 (2)
520 ## - SUMMARY, ETC.
Summary, etc. Government has announced a large rise in next year's Disabled facilities grant (DFG) budget to £99m - up £11m. The grants are allocated through local authorities. Disabled people in all housing tenures can apply for grants to help pay for adaptations for better access in their own homes. http://www.gnn.gov.uk/gnn/national.nsf/Daily+News/AFBFE0901EECF91C80256CC9003E7A6D?opendocument.
590 ## - LOCAL NOTE (RLIN)
Local note WB
650 ## - SUBJECT ADDED ENTRY--TOPICAL TERM
Topical term or geographic name entry element DISABLED FACILITIES GRANT
650 ## - SUBJECT ADDED ENTRY--TOPICAL TERM
Topical term or geographic name entry element GRANTS
650 ## - SUBJECT ADDED ENTRY--TOPICAL TERM
Topical term or geographic name entry element MANAGEMENT-BUSINESS MANAGEMENT-DISCRIMINATION-DISABILITY DISCRIMINATION-ACCESSIBILITY
650 ## - SUBJECT ADDED ENTRY--TOPICAL TERM
Topical term or geographic name entry element LOCAL AUTHORITIES
650 ## - SUBJECT ADDED ENTRY--TOPICAL TERM
Topical term or geographic name entry element COMMUNITY CARE
690 ## - LOCAL SUBJECT ADDED ENTRY--TOPICAL TERM (OCLC, RLIN)
Topical term or geographic name as entry element HOUSING
942 ## - ADDED ENTRY ELEMENTS (KOHA)
Suppress in OPAC 0
Holdings
Withdrawn status Lost status Source of classification or shelving scheme Damaged status Not for loan Home library Current library Shelving location Date acquired Total Checkouts Full call number Barcode Date last seen Copy number Price effective from Koha item type
    Dewey Decimal Classification     London London News article 11/02/2003   WB3906-09 121318-1001 06/08/2019 1 06/08/2019 News article